ឥទិ្ធពលកត្ដាជីទៅលើការលូតលាស់និងគុណភាពនៃដំណាំថ្នាំជក់ (Record no. 142)
[ view plain ]
| 000 -LEADER | |
|---|---|
| fixed length control field | 00550nam a22001577a 4500 |
| 003 - CONTROL NUMBER IDENTIFIER | |
| control field | OSt |
| 005 - DATE AND TIME OF LATEST TRANSACTION | |
| control field | 20150908153510.0 |
| 008 - FIXED-LENGTH DATA ELEMENTS--GENERAL INFORMATION | |
| fixed length control field | 150908b xxu||||| |||| 00| 0 eng d |
| 040 ## - CATALOGING SOURCE | |
| Transcribing agency | RUA |
| 082 ## - DEWEY DECIMAL CLASSIFICATION NUMBER | |
| Classification number | AGR ហ៊ុំ 1993 B006 Or.1 |
| 100 ## - MAIN ENTRY--PERSONAL NAME | |
| 9 (RLIN) | 161 |
| Personal name | ហ៊ុំ ទិតជេដ្ឋា |
| 245 ## - TITLE STATEMENT | |
| Title | ឥទិ្ធពលកត្ដាជីទៅលើការលូតលាស់និងគុណភាពនៃដំណាំថ្នាំជក់ |
| 260 ## - PUBLICATION, DISTRIBUTION, ETC. (IMPRINT) | |
| Place of publication, distribution, etc. | Phnom Penh |
| Name of publisher, distributor, etc. | RUA |
| Date of publication, distribution, etc. | 1993 |
| 300 ## - PHYSICAL DESCRIPTION | |
| Extent | 50p. |
| Other physical details | ill. |
| Dimensions | 29cm. |
| 942 ## - ADDED ENTRY ELEMENTS (KOHA) | |
| Source of classification or shelving scheme | |
| Koha item type | AGR |
| Price effective from | Date last seen | Permanent Location | Not for loan | Date acquired | Source of classification or shelving scheme | Koha item type | Barcode | Lost status | Damaged status | Shelving location | Withdrawn status | Current Location | Full call number |
|---|---|---|---|---|---|---|---|---|---|---|---|---|---|
| 2015-09-08 | 2015-09-08 | Library Block B | 2015-09-08 | AGR | RUA004910 | B006 | Library Block B | AGR ហ៊ុំ 1993 B006 Or.1 | |||||
| 2015-09-08 | 2015-09-08 | Library Block B | 2015-09-08 | AGR | RUA005771 | B006 | Library Block B | AGR ហ៊ុំ 1993 B006 Or.2 | |||||
| 2015-09-08 | 2015-09-08 | Library Block B | 2015-09-08 | AGR | RUA004779 | B006 | Library Block B | AGR ហ៊ុំ 1993 B006 Or.3 | |||||
| 2015-09-08 | 2015-09-08 | Library Block B | 2015-09-08 | AGR | RUA005483 | B006 | Library Block B | AGR ហ៊ុំ 1993 B006 Or.4 | |||||
| 2015-09-08 | 2015-09-08 | Library Block B | 2015-09-08 | AGR | RUA004837 | B006 | Library Block B | AGR ហ៊ុំ 1993 B006 Or.5 | |||||
| 2015-09-08 | 2015-09-08 | Library Block B | 2015-09-08 | AGR | RUA005588 | B006 | Library Block B | AGR ហ៊ុំ 1993 B006 Or.6 | |||||
| 2015-09-08 | 2015-09-08 | Library Block B | 2015-09-08 | AGR | RUA004784 | B006 | Library Block B | AGR ហ៊ុំ 1993 B006 Or.7 | |||||
| 2015-09-08 | 2015-09-08 | Library Block B | 2015-09-08 | AGR | RUA005768 | B006 | Library Block B | AGR ហ៊ុំ 1993 B006 Or.8 | |||||
| 2015-09-08 | 2015-09-08 | Library Block B | 2015-09-08 | AGR | RUA005687 | B006 | Library Block B | AGR ហ៊ុំ 1993 B006 Or.9 |